00804 2200265 4500001002100000005001500021035002000036007000300056008004100059020001800100100002900118245007500147250001200222300004500234700002800279264003600307336002100343337003000364338002300394082001800417084002500435650003100460650003400491990001300525INLIS00000000112136920241112090430 a0010-1024000201ta241112 0 ind  a97862302126040 aJacob BreemerePengarang1 aPengembangan Sistem Informasi Manajemen /cJacob Breemer, Akbar Nurdin aEdisi 1 aviii, 116 halaman :billustrasi ;c23 cm0 aAkbar NurdinePengarang aYogyakarta :bDeepublish,c2020 2rdacontentaText 2rdamediaaTanpa perantara 2rdacarrieravolume a658.403 801 1 a658.403 801 1 JAC p 4aSistem Informasi Manajemen 4aManagement Information System a24/00159